[Event "DEM U10 2018"]
[Site "Willingen GER"]
[Date "2018.05.26"]
[Round "11"]
[White "Kieselbach, Jannik"]
[Black "Sommer, Justus"]
[Result "0-1"]
[Termination "normal"]
[Board "6"]
[WhiteElo "1397"]
[BlackElo "1459"]
[WhiteClock "00:17:30"]
[BlackClock "01:05:40"]
[PlyCount "150"]
[WhiteFideId "16246403"]
[BlackFideId "16245008"]
[EventCountry "GER"]
[EventRounds "11"]
[EventType "swiss"]
[EventDate "2018.05.19"]

1. d4 {[%clk 1:15:57]} 1... Nf6 {[%clk 1:15:50]} 2. e3 {[%clk 1:16:13]} 2... d5
{[%clk 1:16:03]} 3. Bd3 {[%clk 1:16:34]} 3... e6 {[%clk 1:16:06]} 4. Nd2 {
[%clk 1:16:58]} 4... b6 {[%clk 1:16:06]} 5. f4 {[%clk 1:17:23]} 5... Bb7 {
[%clk 1:16:23]} 6. Ngf3 {[%clk 1:17:25]} 6... Nbd7 {[%clk 1:16:24]} 7. O-O {
[%clk 1:17:22]} 7... Bd6 {[%clk 1:16:40]} 8. Ne5 {[%clk 1:17:44]} 8... O-O {
[%clk 1:16:28]} 9. Rf3 {[%clk 1:17:43]} 9... Ne4 {[%clk 1:15:56]} 10. Rh3 {
[%clk 1:17:47]} 10... Ndf6 {[%clk 1:15:26]} 11. g4 {[%clk 1:16:53]} 11... Nxd2
{[%clk 1:11:41]} 12. Bxd2 {[%clk 1:17:15]} 12... Bxe5 {[%clk 1:04:44]} 13. fxe5
{[%clk 1:17:11]} 13... Ne4 {[%clk 1:04:02]} 14. Be1 {[%clk 1:11:54]} 14... Ng5
{[%clk 1:00:15]} 15. Rg3 {[%clk 1:09:38]} 15... Ne4 {[%clk 0:58:57]} 16. Rg2 {
[%clk 1:08:46]} 16... c5 {[%clk 0:58:51]} 17. c3 {[%clk 1:08:44]} 17... Qg5 {
[%clk 0:57:47]} 18. Qf3 {[%clk 1:08:40]} 18... f6 {[%clk 0:54:59]} 19. Bxe4 {
[%clk 1:03:13]} 19... dxe4 {[%clk 0:55:06]} 20. Qg3 {[%clk 1:01:25]} 20... fxe5
{[%clk 0:55:13]} 21. h4 {[%clk 1:00:30]} 21... Qf6 {[%clk 0:55:12]} 22. Rf2 {
[%clk 1:00:27]} 22... Qe7 {[%clk 0:55:15]} 23. Qxe5 {[%clk 0:59:40]} 23... cxd4
{[%clk 0:55:09]} 24. cxd4 {[%clk 0:58:22]} 24... Rxf2 {[%clk 0:53:47]} 25. Bxf2
{[%clk 0:58:38]} 25... Rc8 {[%clk 0:53:33]} 26. Rf1 {[%clk 0:57:50]} 26... Bd5
{[%clk 0:53:27]} 27. b3 {[%clk 0:55:58]} 27... Qc7 {[%clk 0:52:28]} 28. Qxc7 {
[%clk 0:53:10]} 28... Rxc7 {[%clk 0:52:46]} 29. Bg3 {[%clk 0:53:05]} 29... Rc2
{[%clk 0:52:52]} 30. Bd6 {[%clk 0:53:12]} 30... h6 {[%clk 0:53:08]} 31. g5 {
[%clk 0:52:12]} 31... hxg5 {[%clk 0:53:27]} 32. hxg5 {[%clk 0:52:34]} 32... Kh7
{[%clk 0:53:44]} 33. Be5 {[%clk 0:50:48]} 33... Kg6 {[%clk 0:51:15]} 34. Ra1 {
[%clk 0:50:26]} 34... Kxg5 {[%clk 0:50:48]} 35. Bxg7 {[%clk 0:50:42]} 35... Re2
{[%clk 0:51:08]} 36. Be5 {[%clk 0:50:15]} 36... Rxe3 {[%clk 0:51:01]} 37. Bb8 {
[%clk 0:50:20]} 37... a6 {[%clk 0:51:24]} 38. Rf1 {[%clk 0:48:44]} 38... Re2 {
[%clk 0:51:29]} 39. Ra1 {[%clk 0:42:34]} 39... e3 {[%clk 0:51:25]} 40. Rf1 {
[%clk 0:34:48]} 40... Rxa2 {[%clk 0:50:09]} 41. Re1 {[%clk 0:31:47]} 41... e2 {
[%clk 0:49:11]} 42. Kf2 {[%clk 0:31:09]} 42... Bxb3 {[%clk 0:49:19]} 43. Rxe2 {
[%clk 0:28:50]} 43... Kf5 {[%clk 0:49:18]} 44. Rxa2 {[%clk 0:27:01]} 44... Bxa2
{[%clk 0:49:40]} 45. Ba7 {[%clk 0:27:12]} 45... b5 {[%clk 0:50:03]} 46. Ke3 {
[%clk 0:27:38]} 46... a5 {[%clk 0:50:15]} 47. Kd2 Ke4 48. Kc3 {[%clk 0:26:25]}
48... b4+ {[%clk 0:50:27]} 49. Kb2 {[%clk 0:25:51]} 49... Bc4 {[%clk 0:50:35]}
50. Bb6 {[%clk 0:25:41]} 50... a4 {[%clk 0:50:31]} 51. Bc5 {[%clk 0:25:09]}
51... b3 {[%clk 0:50:17]} 52. Kc3 {[%clk 0:21:52]} 52... Kf3 {[%clk 0:48:32]}
53. Bd6 {[%clk 0:20:34]} 53... Ke2 {[%clk 0:48:34]} 54. Bb4 {[%clk 0:11:18]}
54... Kd1 {[%clk 0:46:15]} 55. Kb2 {[%clk 0:11:03]} 55... Bd5 {[%clk 0:45:44]}
56. Kc3 {[%clk 0:07:27]} 56... Kc1 {[%clk 0:45:37]} 57. Bd6 {[%clk 0:01:54]}
57... Kb1 {[%clk 0:45:28]} 58. Ba3 {[%clk 0:14:41]} 58... Ka2 {[%clk 1:00:42]}
59. Kb4 {[%clk 0:14:32]} 59... b2 {[%clk 1:00:53]} 60. Bxb2 {[%clk 0:14:33]}
60... Kxb2 {[%clk 1:01:16]} 61. Kxa4 {[%clk 0:14:08]} 61... Kc3 {[%clk 1:01:20]
} 62. Ka3 {[%clk 0:14:27]} 62... Kxd4 {[%clk 1:01:42]} 63. Kb2 {[%clk 0:14:50]}
63... Kd3 {[%clk 1:02:01]} 64. Kc1 {[%clk 0:15:16]} 64... Bb3 {[%clk 1:02:18]}
65. Kb2 {[%clk 0:15:39]} 65... Ba4 {[%clk 1:02:37]} 66. Ka3 {[%clk 0:15:42]}
66... Bc2 {[%clk 1:03:01]} 67. Kb2 {[%clk 0:15:30]} 67... e5 {[%clk 1:03:21]}
68. Kc1 {[%clk 0:15:21]} 68... e4 {[%clk 1:03:45]} 69. Kb2 e3 70. Ka3 { [%clk
0:15:37]} 70... e2 {[%clk 1:04:08]} 71. Ka2 {[%clk 0:15:50]} 71... e1=Q { [%clk
1:04:28]} 72. Ka3 {[%clk 0:16:14]} 72... Qa5+ {[%clk 1:04:43]} 73. Kb2 { [%clk
0:16:39]} 73... Qb4+ {[%clk 1:05:02]} 74. Ka2 {[%clk 0:17:03]} 74... Qb3+
{[%clk 1:05:23]} 75. Ka1 {[%clk 0:17:30]} 75... Qa3# {[%clk 1:05:40]} 0-1

[Event "DEM U10 2018"]
[Site "Willingen GER"]
[Date "2018.05.26"]
[Round "11"]
[White "Sauer, Tim"]
[Black "Kocharin, Timur"]
[Result "0-1"]
[Termination "normal"]
[Board "8"]
[WhiteElo "1378"]
[BlackElo "1280"]
[WhiteClock "00:24:28"]
[BlackClock "00:32:38"]
[PlyCount "164"]
[WhiteFideId "16265726"]
[BlackFideId "16240936"]
[EventCountry "GER"]
[EventRounds "11"]
[EventType "swiss"]
[EventDate "2018.05.19"]

1. d4 {[%clk 1:15:59]} 1... Nf6 {[%clk 1:15:45]} 2. Bf4 {[%clk 1:16:24]} 2...
c5 {[%clk 1:16:01]} 3. c3 {[%clk 1:16:43]} 3... cxd4 {[%clk 1:16:01]} 4. cxd4 {
[%clk 1:16:45]} 4... d5 {[%clk 1:15:52]} 5. Nc3 {[%clk 1:16:59]} 5... Nc6 {
[%clk 1:15:57]} 6. e3 {[%clk 1:17:11]} 6... Bf5 {[%clk 1:13:51]} 7. Bd3 { [%clk
1:16:22]} 7... Bg6 {[%clk 1:13:16]} 8. Nf3 {[%clk 1:15:42]} 8... e6 { [%clk
1:13:18]} 9. O-O {[%clk 1:12:31]} 9... Bb4 {[%clk 1:12:54]} 10. Rc1 { [%clk
1:12:19]} 10... O-O {[%clk 1:11:57]} 11. a3 {[%clk 1:09:25]} 11... Bd6 { [%clk
1:11:57]} 12. Bg3 {[%clk 1:09:30]} 12... Ne4 {[%clk 1:11:42]} 13. Bh4 { [%clk
1:08:11]} 13... Qa5 {[%clk 1:10:16]} 14. Qc2 {[%clk 1:06:29]} 14... f5 { [%clk
1:06:32]} 15. Ne2 {[%clk 1:03:06]} 15... Bh5 {[%clk 1:02:52]} 16. Nf4 { [%clk
0:56:32]} 16... Bxf3 {[%clk 1:02:16]} 17. gxf3 {[%clk 0:56:26]} 17... Nd2
{[%clk 1:02:15]} 18. b4 {[%clk 0:55:56]} 18... Nxf3+ {[%clk 1:02:38]} 19. Kh1 {
[%clk 0:56:09]} 19... Qb6 {[%clk 1:02:30]} 20. Bg3 {[%clk 0:56:02]} 20... Bxf4
{[%clk 1:01:06]} 21. Bxf4 {[%clk 0:56:01]} 21... a6 {[%clk 0:56:14]} 22. Qe2 {
[%clk 0:55:16]} 22... Nh4 {[%clk 0:56:07]} 23. Qh5 {[%clk 0:53:47]} 23... Ng6 {
[%clk 0:53:29]} 24. Bg5 {[%clk 0:51:37]} 24... Qc7 {[%clk 0:50:02]} 25. Rg1 {
[%clk 0:50:20]} 25... Qf7 {[%clk 0:49:01]} 26. h4 {[%clk 0:48:18]} 26... Nge7 {
[%clk 0:47:05]} 27. Qf3 {[%clk 0:48:02]} 27... Rfc8 {[%clk 0:41:00]} 28. h5 {
[%clk 0:46:44]} 28... g6 {[%clk 0:40:26]} 29. Bh6 {[%clk 0:43:56]} 29... Kh8 {
[%clk 0:36:53]} 30. Qh3 {[%clk 0:38:05]} 30... Rg8 {[%clk 0:35:41]} 31. Be2 {
[%clk 0:29:27]} 31... gxh5 {[%clk 0:31:09]} 32. Bxh5 {[%clk 0:27:19]} 32... Ng6
{[%clk 0:31:08]} 33. Bxg6 {[%clk 0:26:42]} 33... Rxg6 {[%clk 0:31:12]} 34. Rxg6
{[%clk 0:26:52]} 34... hxg6 {[%clk 0:31:26]} 35. Bf8+ {[%clk 0:24:41]} 35...
Qh7 {[%clk 0:31:36]} 36. Qxh7+ {[%clk 0:25:06]} 36... Kxh7 {[%clk 0:31:58]} 37.
Bc5 {[%clk 0:25:30]} 37... Rc8 {[%clk 0:31:56]} 38. Bd6 {[%clk 0:25:22]} 38...
Ne7 {[%clk 0:32:12]} 39. Rxc8 {[%clk 0:25:30]} 39... Nxc8 {[%clk 0:32:34]} 40.
Be5 {[%clk 0:25:55]} 40... Nb6 {[%clk 0:32:56]} 41. Bf4 {[%clk 0:25:17]} 41...
Kg7 {[%clk 0:33:06]} 42. Kg2 {[%clk 0:25:08]} 42... Na4 {[%clk 0:33:07]} 43.
Kf3 {[%clk 0:25:15]} 43... b5 {[%clk 0:33:23]} 44. Ke2 {[%clk 0:25:25]} 44...
Nc3+ {[%clk 0:33:44]} 45. Kd3 {[%clk 0:25:13]} 45... Nb1 {[%clk 0:34:05]} 46.
Ke2 {[%clk 0:24:31]} 46... Nxa3 {[%clk 0:33:30]} 47. Kd3 {[%clk 0:23:59]} 47...
Kf6 {[%clk 0:33:41]} 48. Bg3 {[%clk 0:23:36]} 48... Ke7 {[%clk 0:33:42]} 49.
Bc7 {[%clk 0:23:26]} 49... Nc4 {[%clk 0:31:47]} 50. Bb8 {[%clk 0:23:01]} 50...
g5 {[%clk 0:30:07]} 51. Kc3 {[%clk 0:23:11]} 51... g4 {[%clk 0:28:44]} 52. Bc7
{[%clk 0:22:58]} 52... Nd6 {[%clk 0:28:14]} 53. Kd3 {[%clk 0:22:45]} 53... Ne4
{[%clk 0:28:25]} 54. Ke2 {[%clk 0:23:03]} 54... Ng5 {[%clk 0:27:57]} 55. Kd2 {
[%clk 0:23:06]} 55... Kd7 {[%clk 0:28:19]} 56. Bb8 {[%clk 0:23:16]} 56... Kc6 {
[%clk 0:28:33]} 57. Ba7 {[%clk 0:23:36]} 57... Ne4+ {[%clk 0:28:44]} 58. Ke2 {
[%clk 0:23:58]} 58... Nf6 {[%clk 0:29:01]} 59. Bc5 {[%clk 0:23:55]} 59... Ne4 {
[%clk 0:29:15]} 60. Ba7 {[%clk 0:24:18]} 60... Kb7 {[%clk 0:29:31]} 61. Bc5 Kc6
62. Ba7 {[%clk 0:25:05]} 62... Nf6 {[%clk 0:29:37]} 63. Bc5 {[%clk 0:25:12]}
63... Nd7 {[%clk 0:29:59]} 64. Ba7 {[%clk 0:25:34]} 64... Kb7 {[%clk 0:30:15]}
65. Bc5 {[%clk 0:25:55]} 65... e5 {[%clk 0:30:03]} 66. Kd3 {[%clk 0:25:23]}
66... e4+ {[%clk 0:30:06]} 67. Kc3 {[%clk 0:25:38]} 67... Kc6 {[%clk 0:29:50]}
68. Be7 {[%clk 0:23:17]} 68... Nb6 {[%clk 0:29:37]} 69. Kd2 {[%clk 0:22:53]}
69... Nc8 {[%clk 0:30:02]} 70. Bc5 {[%clk 0:23:00]} 70... Nd6 {[%clk 0:30:15]}
71. Kc3 {[%clk 0:23:14]} 71... f4 {[%clk 0:30:30]} 72. Kd2 {[%clk 0:22:50]}
72... f3 {[%clk 0:30:14]} 73. Ke1 {[%clk 0:23:01]} 73... Nb7 {[%clk 0:30:16]}
74. Be7 {[%clk 0:23:12]} 74... a5 {[%clk 0:30:41]} 75. Bf8 {[%clk 0:23:11]}
75... a4 {[%clk 0:30:32]} 76. Kd1 {[%clk 0:23:17]} 76... a3 {[%clk 0:30:57]}
77. Kc1 {[%clk 0:23:35]} 77... g3 {[%clk 0:31:23]} 78. fxg3 {[%clk 0:23:30]}
78... f2 {[%clk 0:31:43]} 79. g4 {[%clk 0:23:33]} 79... f1=Q+ {[%clk 0:31:49]}
80. Kc2 {[%clk 0:23:54]} 80... a2 {[%clk 0:32:14]} 81. g5 {[%clk 0:24:03]}
81... a1=Q {[%clk 0:32:38]} 82. g6 {[%clk 0:24:28]} 82... Qfd1# 0-1

[Event "DEM U10 2018"]
[Site "Willingen GER"]
[Date "2018.05.26"]
[Round "11"]
[White "Krüger, Aurelian"]
[Black "Krüger, Arthur"]
[Result "1-0"]
[Termination "normal"]
[Board "9"]
[WhiteElo "1469"]
[BlackElo "1549"]
[WhiteClock "00:10:10"]
[BlackClock "00:03:39"]
[PlyCount "63"]
[WhiteFideId "16230400"]
[BlackFideId "16244966"]
[EventCountry "GER"]
[EventRounds "11"]
[EventType "swiss"]
[EventDate "2018.05.19"]

1. e4 {[%clk 1:15:52]} 1... c5 {[%clk 1:15:47]} 2. d4 {[%clk 1:16:16]} 2...
cxd4 {[%clk 1:16:08]} 3. c3 {[%clk 1:16:41]} 3... dxc3 {[%clk 1:16:26]} 4. Nxc3
{[%clk 1:17:05]} 4... e6 {[%clk 1:16:42]} 5. Nf3 {[%clk 1:17:07]} 5... a6 {
[%clk 1:16:45]} 6. a4 {[%clk 1:17:08]} 6... Nc6 {[%clk 1:15:59]} 7. Bc4 { [%clk
1:16:21]} 7... Nge7 {[%clk 1:15:19]} 8. O-O {[%clk 1:15:04]} 8... Ng6 { [%clk
1:14:05]} 9. Be3 {[%clk 1:13:49]} 9... Be7 {[%clk 1:12:42]} 10. Qe2 { [%clk
1:12:21]} 10... O-O {[%clk 1:11:20]} 11. Rfd1 {[%clk 1:09:59]} 11... Qc7 {[%clk
1:09:50]} 12. Rac1 {[%clk 1:05:35]} 12... Rd8 {[%clk 1:08:00]} 13. Nd4 { [%clk
0:59:51]} 13... Nxd4 {[%clk 1:04:51]} 14. Bxd4 {[%clk 0:59:13]} 14... Nf4
{[%clk 0:59:51]} 15. Qf1 {[%clk 0:51:13]} 15... b6 {[%clk 0:42:37]} 16. Ne2 {
[%clk 0:43:33]} 16... Nxe2+ {[%clk 0:39:58]} 17. Qxe2 {[%clk 0:43:46]} 17...
Qb8 {[%clk 0:36:37]} 18. Rd3 {[%clk 0:37:02]} 18... f6 {[%clk 0:30:44]} 19. Rb3
{[%clk 0:33:43]} 19... Qf4 {[%clk 0:28:22]} 20. Rd1 {[%clk 0:32:43]} 20... b5 {
[%clk 0:21:48]} 21. axb5 {[%clk 0:31:31]} 21... axb5 {[%clk 0:20:15]} 22. Bxb5
{[%clk 0:30:35]} 22... Rb8 {[%clk 0:18:27]} 23. Rf3 {[%clk 0:28:27]} 23... Qg5
{[%clk 0:17:15]} 24. Bc4 {[%clk 0:21:51]} 24... Rb7 {[%clk 0:09:59]} 25. Bc3 {
[%clk 0:16:08]} 25... d5 {[%clk 0:08:53]} 26. Rg3 {[%clk 0:14:53]} 26... Qh4 {
[%clk 0:08:07]} 27. exd5 {[%clk 0:13:03]} 27... exd5 {[%clk 0:07:13]} 28. Bxd5+
{[%clk 0:13:20]} 28... Rxd5 {[%clk 0:06:33]} 29. Rxd5 {[%clk 0:12:07]} 29...
Ra7 {[%clk 0:04:33]} 30. Rd8+ {[%clk 0:09:45]} 30... Kf7 {[%clk 0:03:34]} 31.
Rxc8 {[%clk 0:09:51]} 31... Ra1+ {[%clk 0:03:39]} 32. Be1 {[%clk 0:10:10]} 1-0

[Event "DEM U10 2018"]
[Site "Willingen GER"]
[Date "2018.05.26"]
[Round "11"]
[White "Aravindan, Midhulan"]
[Black "Strehse, Nelson"]
[Result "1-0"]
[Termination "normal"]
[Board "11"]
[WhiteElo "1446"]
[BlackElo "1201"]
[WhiteClock "00:46:49"]
[BlackClock "00:49:34"]
[PlyCount "91"]
[WhiteFideId "16237250"]
[BlackFideId "16228898"]
[EventCountry "GER"]
[EventRounds "11"]
[EventType "swiss"]
[EventDate "2018.05.19"]

1. e4 {[%clk 1:15:56]} 1... e5 {[%clk 1:15:52]} 2. Nf3 {[%clk 1:16:20]} 2...
Nc6 {[%clk 1:16:17]} 3. Bb5 {[%clk 1:16:42]} 3... Nge7 {[%clk 1:16:40]} 4. Nc3
{[%clk 1:16:19]} 4... g6 {[%clk 1:16:45]} 5. O-O {[%clk 1:14:02]} 5... Bg7 {
[%clk 1:17:06]} 6. d3 {[%clk 1:12:41]} 6... a6 {[%clk 1:16:28]} 7. Bxc6 { [%clk
1:10:44]} 7... Nxc6 {[%clk 1:15:53]} 8. Be3 {[%clk 1:10:49]} 8... O-O { [%clk
1:16:00]} 9. Qd2 {[%clk 1:10:53]} 9... d6 {[%clk 1:15:08]} 10. h3 { [%clk
1:07:59]} 10... f5 {[%clk 1:07:11]} 11. Bg5 {[%clk 1:06:17]} 11... Bf6 { [%clk
1:03:14]} 12. Bxf6 12... Qxf6 {[%clk 1:03:05]} 13. Nd5 {[%clk 0:59:45]} 13...
Qd8 {[%clk 1:02:49]} 14. Qh6 {[%clk 0:59:56]} 14... Rf7 {[%clk 1:01:08]} 15.
Ng5 {[%clk 0:58:07]} 15... Rg7 {[%clk 1:00:46]} 16. Rae1 {[%clk 0:55:19]} 16...
Nd4 {[%clk 0:52:59]} 17. c3 {[%clk 0:52:42]} 17... Ne6 {[%clk 0:52:54]} 18. h4
{[%clk 0:47:25]} 18... Nxg5 {[%clk 0:52:00]} 19. hxg5 {[%clk 0:47:31]} 19...
Qf8 {[%clk 0:48:43]} 20. Nf6+ {[%clk 0:47:15]} 20... Kh8 21. Nxh7 { [%clk
0:46:34]} 21... Kg8 {[%clk 0:47:55]} 22. Nxf8 {[%clk 0:46:40]} 22... Kxf8
{[%clk 0:48:13]} 23. Re3 {[%clk 0:45:34]} 23... f4 {[%clk 0:48:24]} 24. Rf3 {
[%clk 0:45:18]} 24... Bg4 {[%clk 0:48:33]} 25. Qh8+ {[%clk 0:44:39]} 25... Rg8
{[%clk 0:48:38]} 26. Qf6+ {[%clk 0:44:57]} 26... Ke8 {[%clk 0:48:52]} 27. Rh3 {
[%clk 0:45:14]} 27... Bxh3 {[%clk 0:49:06]} 28. gxh3 {[%clk 0:45:41]} 28... Kd7
{[%clk 0:49:22]} 29. Qf7+ {[%clk 0:45:57]} 29... Kc6 {[%clk 0:49:32]} 30. Qd5+
{[%clk 0:45:52]} 30... Kb6 {[%clk 0:49:27]} 31. b4 {[%clk 0:46:05]} 31... Ka7 {
[%clk 0:49:31]} 32. a4 {[%clk 0:45:43]} 32... Rad8 {[%clk 0:49:46]} 33. b5 {
[%clk 0:45:46]} 33... a5 {[%clk 0:49:56]} 34. d4 {[%clk 0:45:32]} 34... Rh8 {
[%clk 0:50:08]} 35. Kg2 {[%clk 0:45:36]} 35... Rh5 {[%clk 0:50:24]} 36. dxe5 {
[%clk 0:45:20]} 36... Rxg5+ {[%clk 0:50:37]} 37. Kf3 {[%clk 0:45:44]} 37...
Rxe5 {[%clk 0:50:47]} 38. Qd4+ {[%clk 0:46:02]} 38... Kb8 {[%clk 0:50:57]} 39.
b6 {[%clk 0:46:04]} 39... c5 {[%clk 0:50:49]} 40. Qd2 {[%clk 0:45:45]} 40... d5
{[%clk 0:50:40]} 41. Qxf4 {[%clk 0:45:23]} 41... dxe4+ {[%clk 0:50:17]} 42. Ke2
{[%clk 0:45:34]} 42... Rde8 {[%clk 0:50:14]} 43. Rd1 {[%clk 0:45:52]} 43... g5
{[%clk 0:49:22]} 44. Rd8+ 44... Rxd8 {[%clk 0:49:17]} 45. Qxe5+ {[%clk 0:46:28]
} 45... Kc8 {[%clk 0:49:34]} 46. Qc7# {[%clk 0:46:49]} 1-0

[Event "DEM U10 2018"]
[Site "Willingen GER"]
[Date "2018.05.26"]
[Round "11"]
[White "Scheerer, Julian"]
[Black "Müller, Maximilian"]
[Result "0-1"]
[Termination "normal"]
[Board "12"]
[WhiteElo "1301"]
[BlackElo "1497"]
[WhiteClock "00:47:06"]
[BlackClock "01:05:41"]
[PlyCount "52"]
[WhiteFideId "16265769"]
[BlackFideId "16243552"]
[EventCountry "GER"]
[EventRounds "11"]
[EventType "swiss"]
[EventDate "2018.05.19"]

1. e4 {[%clk 1:15:56]} 1... e6 {[%clk 1:15:58]} 2. d4 {[%clk 1:16:20]} 2... d5
{[%clk 1:16:25]} 3. exd5 {[%clk 1:16:41]} 3... exd5 {[%clk 1:16:50]} 4. Bd3 {
[%clk 1:16:55]} 4... Bd6 {[%clk 1:17:15]} 5. Nf3 {[%clk 1:17:08]} 5... Bg4 {
[%clk 1:17:40]} 6. h3 {[%clk 1:17:12]} 6... Be6 {[%clk 1:16:43]} 7. O-O { [%clk
1:16:15]} 7... Ne7 {[%clk 1:16:59]} 8. Re1 {[%clk 1:15:33]} 8... Nbc6 { [%clk
1:16:54]} 9. Nbd2 {[%clk 1:14:42]} 9... Nb4 {[%clk 1:16:00]} 10. Ng5 { [%clk
1:11:53]} 10... Nxd3 {[%clk 1:16:07]} 11. Nxe6 {[%clk 1:11:39]} 11... fxe6
{[%clk 1:16:17]} 12. cxd3 {[%clk 1:11:45]} 12... O-O {[%clk 1:10:55]} 13. Rxe6
{[%clk 1:09:20]} 13... Qd7 {[%clk 1:11:21]} 14. Qe2 {[%clk 1:07:18]} 14... Rae8
{[%clk 1:11:10]} 15. Kf1 {[%clk 1:03:58]} 15... Nf5 {[%clk 1:10:34]} 16. Rxe8
{[%clk 1:01:35]} 16... Rxe8 {[%clk 1:11:00]} 17. Qg4 {[%clk 1:00:18]} 17... Qe7
{[%clk 1:10:56]} 18. Ne4 {[%clk 0:55:33]} 18... dxe4 {[%clk 1:07:54]} 19. Qxf5
{[%clk 0:54:04]} 19... exd3 {[%clk 1:08:17]} 20. Be3 {[%clk 0:53:17]} 20... d2
{[%clk 1:08:02]} 21. Rd1 {[%clk 0:52:59]} 21... Kh8 {[%clk 1:04:15]} 22. Rxd2
{[%clk 0:51:25]} 22... Rf8 {[%clk 1:04:39]} 23. Qg4 {[%clk 0:50:43]} 23... Qxe3
{[%clk 1:04:47]} 24. Re2 {[%clk 0:49:21]} 24... Qc1+ {[%clk 1:04:53] } 25. Re1
{[%clk 0:48:33]} 25... Qxb2 {[%clk 1:05:19]} 26. Qe6 {[%clk 0:47:06]} 26...
Qxf2# {[%clk 1:05:41]} 0-1

[Event "DEM U10 2018"]
[Site "Willingen GER"]
[Date "2018.05.26"]
[Round "11"]
[White "Klaska, Philipp Leon"]
[Black "Bräutigam, Alexander"]
[Result "1-0"]
[Termination "normal"]
[Board "13"]
[WhiteElo "1272"]
[BlackElo "1323"]
[PlyCount "120"]
[WhiteFideId "16238044"]
[BlackFideId "16245210"]
[EventCountry "GER"]
[EventRounds "11"]
[EventType "swiss"]
[EventDate "2018.05.19"]

1. e4 c5 2. Nf3 Nc6 3. d4 cxd4 4. Nxd4 Nf6 5. Nc3 e6 6. Be3 Bb4 7. f3 d5 8.
exd5 Nxd5 9. Qd2 Nxe3 10. Nxc6 Qxd2+ 11. Kxd2 Nxf1+ 12. Rhxf1 bxc6 13. a3 Bxc3+
14. Kxc3 O-O 15. Rad1 Ba6 16. Rfe1 Rfd8 17. Rd4 Rxd4 18. Kxd4 h6 19. Kc5 Bb7
20. Rd1 Rc8 21. Rd7 Rb8 22. b4 a6 23. c4 Kf8 24. Kd6 Ba8 25. Ra7 g5 26. Rxa6
Re8 27. c5 g4 28. Ke5 Kg7 29. Ra7 gxf3 30. gxf3 Kg6 31. Rd7 f6+ 32. Ke4 e5 33.
Rd2 f5+ 34. Ke3 Re6 35. a4 Bb7 36. b5 cxb5 37. axb5 f4+ 38. Kf2 Kf5 39. Rc2 h5
40. c6 Bxc6 41. bxc6 Re8 42. h4 Rc8 43. Ke2 Ke6 44. Kd3 Kd5 45. c7 Kd6 {(=)}
46. Ke4 Ke6 47. Rc6+ Kd7 48. Rh6 Kxc7 49. Kxe5 Re8+ 50. Kxf4 Rf8+ 51. Ke4 Re8+
52. Kf5 Rf8+ 53. Rf6 Rxf6+ 54. Kxf6 Kd7 55. f4 Ke8 56. Kg7 Ke7 57. f5 Ke8 58.
f6 Kd7 59. f7 Kd6 60. f8=Q+ Ke6 1-0

[Event "DEM U10 2018"]
[Site "Willingen GER"]
[Date "2018.05.26"]
[Round "11"]
[White "Puchas, Henrik"]
[Black "Müller, Milo"]
[Result "1/2-1/2"]
[Termination "normal"]
[Board "14"]
[WhiteElo "1439"]
[BlackElo "1443"]
[PlyCount "43"]
[WhiteFideId "16257995"]
[BlackFideId "16265700"]
[EventCountry "GER"]
[EventRounds "11"]
[EventType "swiss"]
[EventDate "2018.05.19"]

1. e4 c5 2. Nf3 Nc6 3. d4 cxd4 4. Nxd4 g6 5. Nc3 Bg7 6. Be3 Nf6 7. Bc4 Qa5 8.
O-O O-O 9. Bb3 d6 10. h3 Bd7 11. f4 Rac8 12. Nxc6 Bxc6 13. Qd3 a6 14. Rad1 b5
15. Nd5 Nxd5 16. exd5 Bd7 17. c3 Rb8 18. Bd4 Bxd4+ 19. Qxd4 Qb6 20. Qxb6 Rxb6
21. Rfe1 Re8 22. Kf2 1/2-1/2

[Event "DEM U10 2018"]
[Site "Willingen GER"]
[Date "2018.05.26"]
[Round "11"]
[White "Cilo, Selimhan"]
[Black "Hoppstädter, Daniel"]
[Result "0-1"]
[Termination "normal"]
[Board "15"]
[WhiteElo "1400"]
[BlackElo "1219"]
[PlyCount "72"]
[WhiteFideId "16246756"]
[BlackFideId "16243625"]
[EventCountry "GER"]
[EventRounds "11"]
[EventType "swiss"]
[EventDate "2018.05.19"]

1. e4 e6 2. d4 d5 3. e5 c5 4. c3 Nc6 5. Nf3 Bd7 6. a3 a5 7. Be3 Qb6 8. Qc2 cxd4
9. Bxd4 Nxd4 10. cxd4 Rc8 11. Qd1 Qxb2 12. Nbd2 Bxa3 13. Be2 Qxa1 14. O-O Qxd1
15. Rxd1 Rc1 16. Rxc1 Bxc1 17. Nb3 Bh6 18. Nxa5 b6 19. Nb7 Ne7 20. Nd6+ Kf8 21.
Ba6 Nf5 22. Kf1 Nxd6 23. exd6 b5 24. g3 f6 25. Ne1 Kf7 26. Nd3 Ra8 27. Nc5 Bc8
28. Bxc8 Rxc8 29. Ke2 Bc1 30. Kd3 Rd8 31. Kc3 Ba3 32. Kb3 Bxc5 33. dxc5 d4 34.
Kb4 e5 35. Kxb5 Ke6 36. Kc6 Rc8+ 0-1

[Event "DEM U10 2018"]
[Site "Willingen GER"]
[Date "2018.05.26"]
[Round "11"]
[White "Helms, Finn"]
[Black "Apel, Linus"]
[Result "0-1"]
[Termination "normal"]
[Board "16"]
[WhiteElo "1435"]
[BlackElo "1283"]
[PlyCount "72"]
[WhiteFideId "16249143"]
[BlackFideId "16265785"]
[EventCountry "GER"]
[EventRounds "11"]
[EventType "swiss"]
[EventDate "2018.05.19"]

1. d4 d5 2. Bf4 Nf6 3. e3 c5 4. c3 Nc6 5. Nd2 e6 6. Bd3 Bd6 7. Bxd6 Qxd6 8. f4
Bd7 9. a3 c4 10. Bc2 Qc7 11. Ngf3 Ng4 12. Qe2 f5 13. O-O O-O 14. Ne5 Ngxe5 15.
fxe5 Ne7 16. Rf3 Be8 17. Rg3 Bg6 18. Rh3 Qd7 19. g3 Qe8 20. Rd1 b5 21. Rf1 a6
22. Nf3 Bh5 23. Qd2 Bg4 24. Rh4 Ng6 25. Rxg4 fxg4 26. Ne1 Rxf1+ 27. Kxf1 Qf7+
28. Kg2 Rf8 29. Qe2 h5 30. e4 dxe4 31. Bxe4 Kh8 32. Bc2 Ne7 33. a4 Nd5 34. axb5
Ne3+ 35. Kg1 Qf1+ 36. Qxf1 Rxf1# 0-1

[Event "DEM U10 2018"]
[Site "Willingen GER"]
[Date "2018.05.26"]
[Round "11"]
[White "Schreidl, Michael"]
[Black "Bongardt, Livius"]
[Result "0-1"]
[Termination "normal"]
[Board "18"]
[WhiteElo "1325"]
[BlackElo "1398"]
[PlyCount "76"]
[WhiteFideId "16265750"]
[BlackFideId "16265718"]
[EventCountry "GER"]
[EventRounds "11"]
[EventType "swiss"]
[EventDate "2018.05.19"]

1. e4 e5 2. Nf3 Nc6 3. Bc4 Bc5 4. b4 Bxb4 5. c3 Ba5 6. d4 exd4 7. Qb3 Qe7 8.
O-O d6 9. cxd4 Bb6 10. Ng5 Nh6 11. f4 Nxd4 12. Qd3 Nc2+ 13. Kh1 Nxa1 14. Bb2 f6
15. Nf3 Be6 16. Bxe6 Qxe6 17. Bxa1 O-O-O 18. a4 Rhe8 19. Re1 Kb8 20. Bc3 a6 21.
a5 Ng4 22. Re2 Nf2+ 23. Rxf2 Bxf2 24. Qe2 Ba7 25. Nbd2 d5 26. f5 Qe7 27. Nd4
Bxd4 28. Bxd4 dxe4 29. Qe3 Qb4 30. Nb3 Rxd4 31. Nxd4 Qb1+ 32. Qg1 Qd3 33. Ne6
e3 34. Nf4 Qd2 35. g3 e2 36. Nxe2 Rxe2 37. h3 Qd5+ 38. Qg2 Qxg2# 0-1